| 000 | 00456nam a2200157 a 4500 | ||
|---|---|---|---|
| 001 | 000021180 | ||
| 005 | 20200930011245.0 | ||
| 008 | 100901s1972 sp r 000 0 spa d | ||
| 040 |
_aDO-SdBNP _bspa _cBNPHU |
||
| 082 |
_aNNN _bM111h |
||
| 100 | 1 |
_aMañach, Jorge, _d1898-1961. _929417 |
|
| 245 | 1 | 0 |
_aHomenaje de la nación cubana / _cJorge Mañach. |
| 260 |
_aRío Piedras, Puerto Rico : _bSan Juan, _c[1972]. |
||
| 300 |
_a166 p. ; _a21 cm. |
||
| 049 | _aBNGR | ||
| 999 |
_c20681 _d20681 |
||